animaux marin n°1 - Statistiques

Statistiques générales
  • Ce quiz a été pris 77 fois
  • Le résultat moyen est 6 sur 15
Statistiques - réponses
Par images Réponse % Correct
orque
94%
Hippopotame
91%
morse
75%
dauphin
62%
narval
57%
ours blanc
53%
beluga
47%
Baleine a bosse
38%
Lamantin
32%
castor
30%
elephant de mer
30%
lion de mer
17%
leopard de mer
9%
Ornithorynque
9%
grand cachelot
0%
Aucun quiz correspondant
Distribution des résultats
% des personnes avec chaque résultat
Percentile par nombre de réponses
Votre historique - résultats
Vous n’avez pas pris ce quiz